000
00347nam a2200133Ia 4500
008
231129s9999||||xx |||||||||||||| ||spa||
020
_a
84-254-1160-2
040
_b
spa
082
_a
150.198 R721a
100
_a
Rogoll Rudiger
245
0
_a
El analisis transaccional
264
_a
Herder
942
_2
ddc
_c
BKS
999
_c
10189
_d
10189